<?xml version="1.0" encoding="UTF-8"?>
<record
    xmlns:xsi="http://www.w3.org/2001/XMLSchema-instance"
    xsi:schemaLocation="http://www.loc.gov/MARC21/slim http://www.loc.gov/standards/marcxml/schema/MARC21slim.xsd"
    xmlns="http://www.loc.gov/MARC21/slim">

  <leader>00634nam a2200217Ia 4500</leader>
  <controlfield tag="003">GCL</controlfield>
  <controlfield tag="008">140319s9999    xx            000 0 ara d</controlfield>
  <datafield tag="040" ind1=" " ind2=" ">
    <subfield code="a">GCL / </subfield>
    <subfield code="c">GCL</subfield>
  </datafield>
  <datafield tag="082" ind1="0" ind2="4">
    <subfield code="a">&#x637;</subfield>
    <subfield code="b">398.27</subfield>
    <subfield code="b">&#x649; &#x627;</subfield>
  </datafield>
  <datafield tag="100" ind1="1" ind2=" ">
    <subfield code="a">&#x62D;&#x644;&#x645;&#x649; &#x627;&#x644;&#x62A;&#x648;&#x646;&#x649;</subfield>
  </datafield>
  <datafield tag="245" ind1="1" ind2="0">
    <subfield code="a">&#x639;&#x635;&#x641;&#x648;&#x631; &#x648;&#x62C;&#x631;&#x627;&#x62F;&#x629; / </subfield>
    <subfield code="c">&#x62D;&#x644;&#x645;&#x649; &#x627;&#x644;&#x62A;&#x648;&#x646;&#x649;</subfield>
  </datafield>
  <datafield tag="700" ind1="1" ind2=" ">
    <subfield code="a">&#x64A;&#x639;&#x642;&#x648;&#x628; &#x627;&#x644;&#x634;&#x627;&#x631;&#x648;&#x646;&#x649;</subfield>
  </datafield>
  <datafield tag="260" ind1=" " ind2=" ">
    <subfield code="a">[S.N] : </subfield>
    <subfield code="b">&#x62F;&#x627;&#x631; &#x627;&#x644;&#x634;&#x631;&#x648;&#x642; &#x60C; </subfield>
    <subfield code="c">1983</subfield>
  </datafield>
  <datafield tag="300" ind1=" " ind2=" ">
    <subfield code="a">13 &#x635;</subfield>
  </datafield>
  <datafield tag="490" ind1=" " ind2=" ">
    <subfield code="a">&#x627;&#x62C;&#x645;&#x644; &#x627;&#x644;&#x62D;&#x643;&#x627;&#x64A;&#x627;&#x62A; &#x627;&#x644;&#x634;&#x639;&#x628;&#x64A;&#x629;</subfield>
    <subfield code="v">0</subfield>
  </datafield>
  <datafield tag="650" ind1="0" ind2="4">
    <subfield code="a">&#x627;&#x644;&#x627;&#x637;&#x641;&#x627;&#x644;</subfield>
  </datafield>
  <datafield tag="650" ind1="0" ind2="4">
    <subfield code="a">&#x627;&#x644;&#x642;&#x635;&#x635;</subfield>
  </datafield>
  <datafield tag="650" ind1="0" ind2="4">
    <subfield code="a">&#x642;&#x635;&#x635; &#x627;&#x644;&#x627;&#x637;&#x641;&#x627;&#x644;</subfield>
  </datafield>
  <datafield tag="650" ind1="0" ind2="4">
    <subfield code="a">&#x627;&#x644;&#x642;&#x635;&#x635; &#x627;&#x644;&#x634;&#x639;&#x628;&#x64A;&#x629;</subfield>
  </datafield>
  <datafield tag="942" ind1=" " ind2=" ">
    <subfield code="2">ddc</subfield>
    <subfield code="c">BK</subfield>
  </datafield>
  <datafield tag="999" ind1=" " ind2=" ">
    <subfield code="c">56836</subfield>
    <subfield code="d">56836</subfield>
  </datafield>
  <datafield tag="952" ind1=" " ind2=" ">
    <subfield code="0">0</subfield>
    <subfield code="1">0</subfield>
    <subfield code="4">0</subfield>
    <subfield code="7">0</subfield>
    <subfield code="a">CAI</subfield>
    <subfield code="b">CAI</subfield>
    <subfield code="d">2014-03-26</subfield>
    <subfield code="l">0</subfield>
    <subfield code="o">&#x637;\398.27\&#x649; &#x627;</subfield>
    <subfield code="p">139025</subfield>
    <subfield code="r">2014-03-26 00:00:00</subfield>
    <subfield code="w">2014-03-26</subfield>
    <subfield code="y">BK</subfield>
  </datafield>
  <datafield tag="952" ind1=" " ind2=" ">
    <subfield code="0">0</subfield>
    <subfield code="1">0</subfield>
    <subfield code="4">0</subfield>
    <subfield code="7">0</subfield>
    <subfield code="a">CAI</subfield>
    <subfield code="b">CAI</subfield>
    <subfield code="d">2014-03-26</subfield>
    <subfield code="l">0</subfield>
    <subfield code="o">&#x637;\398.27\&#x649; &#x627;</subfield>
    <subfield code="p">139026</subfield>
    <subfield code="r">2014-03-26 00:00:00</subfield>
    <subfield code="w">2014-03-26</subfield>
    <subfield code="y">BK</subfield>
  </datafield>
  <datafield tag="952" ind1=" " ind2=" ">
    <subfield code="0">0</subfield>
    <subfield code="1">0</subfield>
    <subfield code="4">0</subfield>
    <subfield code="7">0</subfield>
    <subfield code="a">CAI</subfield>
    <subfield code="b">CAI</subfield>
    <subfield code="d">2014-03-26</subfield>
    <subfield code="l">0</subfield>
    <subfield code="o">&#x637;\398.27\&#x649; &#x627;</subfield>
    <subfield code="p">139027</subfield>
    <subfield code="r">2014-03-26 00:00:00</subfield>
    <subfield code="w">2014-03-26</subfield>
    <subfield code="y">BK</subfield>
  </datafield>
  <datafield tag="952" ind1=" " ind2=" ">
    <subfield code="0">0</subfield>
    <subfield code="1">0</subfield>
    <subfield code="4">0</subfield>
    <subfield code="7">0</subfield>
    <subfield code="a">CAI</subfield>
    <subfield code="b">CAI</subfield>
    <subfield code="d">2014-03-26</subfield>
    <subfield code="l">0</subfield>
    <subfield code="o">&#x637;\398.27\&#x649; &#x627;</subfield>
    <subfield code="p">139028</subfield>
    <subfield code="r">2014-03-26 00:00:00</subfield>
    <subfield code="w">2014-03-26</subfield>
    <subfield code="y">BK</subfield>
  </datafield>
  <datafield tag="952" ind1=" " ind2=" ">
    <subfield code="0">0</subfield>
    <subfield code="1">0</subfield>
    <subfield code="4">0</subfield>
    <subfield code="7">0</subfield>
    <subfield code="a">CAI</subfield>
    <subfield code="b">CAI</subfield>
    <subfield code="d">2014-03-26</subfield>
    <subfield code="l">0</subfield>
    <subfield code="o">&#x637;\398.27\&#x649; &#x627;</subfield>
    <subfield code="p">139029</subfield>
    <subfield code="r">2014-03-26 00:00:00</subfield>
    <subfield code="w">2014-03-26</subfield>
    <subfield code="y">BK</subfield>
  </datafield>
  <datafield tag="952" ind1=" " ind2=" ">
    <subfield code="0">0</subfield>
    <subfield code="1">0</subfield>
    <subfield code="4">0</subfield>
    <subfield code="7">0</subfield>
    <subfield code="a">CAI</subfield>
    <subfield code="b">CAI</subfield>
    <subfield code="d">2014-03-26</subfield>
    <subfield code="l">0</subfield>
    <subfield code="o">&#x637;\398.27\&#x649; &#x627;</subfield>
    <subfield code="p">139030</subfield>
    <subfield code="r">2014-03-26 00:00:00</subfield>
    <subfield code="w">2014-03-26</subfield>
    <subfield code="y">BK</subfield>
  </datafield>
  <datafield tag="952" ind1=" " ind2=" ">
    <subfield code="0">0</subfield>
    <subfield code="1">0</subfield>
    <subfield code="4">0</subfield>
    <subfield code="7">0</subfield>
    <subfield code="a">CAI</subfield>
    <subfield code="b">CAI</subfield>
    <subfield code="d">2014-03-26</subfield>
    <subfield code="l">0</subfield>
    <subfield code="o">&#x637;\398.27\&#x649; &#x627;</subfield>
    <subfield code="p">139031</subfield>
    <subfield code="r">2014-03-26 00:00:00</subfield>
    <subfield code="w">2014-03-26</subfield>
    <subfield code="y">BK</subfield>
  </datafield>
  <datafield tag="952" ind1=" " ind2=" ">
    <subfield code="0">0</subfield>
    <subfield code="1">0</subfield>
    <subfield code="4">0</subfield>
    <subfield code="7">0</subfield>
    <subfield code="a">CAI</subfield>
    <subfield code="b">CAI</subfield>
    <subfield code="d">2014-03-26</subfield>
    <subfield code="l">0</subfield>
    <subfield code="o">&#x637;\398.27\&#x649; &#x627;</subfield>
    <subfield code="p">139032</subfield>
    <subfield code="r">2014-03-26 00:00:00</subfield>
    <subfield code="w">2014-03-26</subfield>
    <subfield code="y">BK</subfield>
  </datafield>
  <datafield tag="952" ind1=" " ind2=" ">
    <subfield code="0">0</subfield>
    <subfield code="1">0</subfield>
    <subfield code="4">0</subfield>
    <subfield code="7">0</subfield>
    <subfield code="a">CAI</subfield>
    <subfield code="b">CAI</subfield>
    <subfield code="d">2014-03-26</subfield>
    <subfield code="l">0</subfield>
    <subfield code="o">&#x637;\398.27\&#x649; &#x627;</subfield>
    <subfield code="p">139033</subfield>
    <subfield code="r">2014-03-26 00:00:00</subfield>
    <subfield code="w">2014-03-26</subfield>
    <subfield code="y">BK</subfield>
  </datafield>
  <datafield tag="952" ind1=" " ind2=" ">
    <subfield code="0">0</subfield>
    <subfield code="1">0</subfield>
    <subfield code="4">0</subfield>
    <subfield code="7">0</subfield>
    <subfield code="a">CAI</subfield>
    <subfield code="b">CAI</subfield>
    <subfield code="d">2014-03-26</subfield>
    <subfield code="l">0</subfield>
    <subfield code="o">&#x637;\398.27\&#x649; &#x627;</subfield>
    <subfield code="p">139034</subfield>
    <subfield code="r">2014-03-26 00:00:00</subfield>
    <subfield code="w">2014-03-26</subfield>
    <subfield code="y">BK</subfield>
  </datafield>
  <datafield tag="952" ind1=" " ind2=" ">
    <subfield code="0">0</subfield>
    <subfield code="1">0</subfield>
    <subfield code="4">0</subfield>
    <subfield code="7">0</subfield>
    <subfield code="a">CAI</subfield>
    <subfield code="b">CAI</subfield>
    <subfield code="d">2014-03-26</subfield>
    <subfield code="l">0</subfield>
    <subfield code="o">&#x637;\398.27\&#x649; &#x627;</subfield>
    <subfield code="p">139035</subfield>
    <subfield code="r">2014-03-26 00:00:00</subfield>
    <subfield code="w">2014-03-26</subfield>
    <subfield code="y">BK</subfield>
  </datafield>
  <datafield tag="952" ind1=" " ind2=" ">
    <subfield code="0">0</subfield>
    <subfield code="1">0</subfield>
    <subfield code="4">0</subfield>
    <subfield code="7">0</subfield>
    <subfield code="a">CAI</subfield>
    <subfield code="b">CAI</subfield>
    <subfield code="d">2014-03-26</subfield>
    <subfield code="l">0</subfield>
    <subfield code="o">&#x637;\398.27\&#x649; &#x627;</subfield>
    <subfield code="p">139036</subfield>
    <subfield code="r">2014-03-26 00:00:00</subfield>
    <subfield code="w">2014-03-26</subfield>
    <subfield code="y">BK</subfield>
  </datafield>
  <datafield tag="952" ind1=" " ind2=" ">
    <subfield code="0">0</subfield>
    <subfield code="1">0</subfield>
    <subfield code="4">0</subfield>
    <subfield code="7">0</subfield>
    <subfield code="a">CAI</subfield>
    <subfield code="b">CAI</subfield>
    <subfield code="d">2014-03-26</subfield>
    <subfield code="l">0</subfield>
    <subfield code="o">&#x637;\398.27\&#x649; &#x627;</subfield>
    <subfield code="p">139037</subfield>
    <subfield code="r">2014-03-26 00:00:00</subfield>
    <subfield code="w">2014-03-26</subfield>
    <subfield code="y">BK</subfield>
  </datafield>
  <datafield tag="952" ind1=" " ind2=" ">
    <subfield code="0">0</subfield>
    <subfield code="1">0</subfield>
    <subfield code="4">0</subfield>
    <subfield code="7">0</subfield>
    <subfield code="a">CAI</subfield>
    <subfield code="b">CAI</subfield>
    <subfield code="d">2014-03-26</subfield>
    <subfield code="l">0</subfield>
    <subfield code="o">&#x637;\398.27\&#x649; &#x627;</subfield>
    <subfield code="p">139038</subfield>
    <subfield code="r">2014-03-26 00:00:00</subfield>
    <subfield code="w">2014-03-26</subfield>
    <subfield code="y">BK</subfield>
  </datafield>
  <datafield tag="952" ind1=" " ind2=" ">
    <subfield code="0">0</subfield>
    <subfield code="1">0</subfield>
    <subfield code="4">0</subfield>
    <subfield code="7">0</subfield>
    <subfield code="a">CAI</subfield>
    <subfield code="b">CAI</subfield>
    <subfield code="d">2014-03-26</subfield>
    <subfield code="l">0</subfield>
    <subfield code="o">&#x637;\398.27\&#x649; &#x627;</subfield>
    <subfield code="p">139039</subfield>
    <subfield code="r">2014-03-26 00:00:00</subfield>
    <subfield code="w">2014-03-26</subfield>
    <subfield code="y">BK</subfield>
  </datafield>
  <datafield tag="952" ind1=" " ind2=" ">
    <subfield code="0">0</subfield>
    <subfield code="1">0</subfield>
    <subfield code="4">0</subfield>
    <subfield code="7">0</subfield>
    <subfield code="a">CAI</subfield>
    <subfield code="b">CAI</subfield>
    <subfield code="d">2014-03-26</subfield>
    <subfield code="l">0</subfield>
    <subfield code="o">&#x637;\398.27\&#x649; &#x627;</subfield>
    <subfield code="p">139040</subfield>
    <subfield code="r">2014-03-26 00:00:00</subfield>
    <subfield code="w">2014-03-26</subfield>
    <subfield code="y">BK</subfield>
  </datafield>
  <datafield tag="952" ind1=" " ind2=" ">
    <subfield code="0">0</subfield>
    <subfield code="1">0</subfield>
    <subfield code="4">0</subfield>
    <subfield code="7">0</subfield>
    <subfield code="a">CAI</subfield>
    <subfield code="b">CAI</subfield>
    <subfield code="d">2014-03-26</subfield>
    <subfield code="l">0</subfield>
    <subfield code="o">&#x637;\398.27\&#x649; &#x627;</subfield>
    <subfield code="p">139041</subfield>
    <subfield code="r">2014-03-26 00:00:00</subfield>
    <subfield code="w">2014-03-26</subfield>
    <subfield code="y">BK</subfield>
  </datafield>
  <datafield tag="952" ind1=" " ind2=" ">
    <subfield code="0">0</subfield>
    <subfield code="1">0</subfield>
    <subfield code="4">0</subfield>
    <subfield code="7">0</subfield>
    <subfield code="a">CAI</subfield>
    <subfield code="b">CAI</subfield>
    <subfield code="d">2014-03-26</subfield>
    <subfield code="l">0</subfield>
    <subfield code="o">&#x637;\398.27\&#x649; &#x627;</subfield>
    <subfield code="p">139042</subfield>
    <subfield code="r">2014-03-26 00:00:00</subfield>
    <subfield code="w">2014-03-26</subfield>
    <subfield code="y">BK</subfield>
  </datafield>
</record>
